Aalborg Airport Destinations (Aalborg, Denmark) - Map - Statistics

General Stats
  • This quiz has been taken 27 times
  • The average score is 14 of 20
Answers on the Map
Answers color-coded by a green-red scale on the quiz's map according to % correct below.
 
Answer Stats
Destination % Correct
Amsterdam
89%
Copenhagen
89%
Oslo
89%
Naples
84%
Nuuk
84%
Tenerife (South)
84%
London (Gatwick)
79%
Nice
79%
Alicante
74%
Antalya
74%
Gran Canaria
74%
Málaga
74%
Funchal
68%
Palma de Mallorca
68%
Verona
63%
Vágar
58%
Hurghada
53%
Bornholm
42%
Gazipaşa
26%
Sälen-Trysil
5%
No matching quizzes found
Score Distribution
Percent of People with Each Score
Percentile by Number Answered
Your Score History
You have not taken this quiz